000 01082nam a22003257a 4500
003 CHAP
005 20220329133835.0
008 971013s1978 r 00010 d
010 _a11647
011 _a12619
035 _a15805
040 _cCHAP
082 _a338
_bM4
110 _aMéxico. Coordinación General del Sistema Nacional de Información
_976895
245 _aInformación financiera de empresas mexicanas
260 _a[México] :
_bLa Coordinación,
_c[1978]
300 _av.
500 _aD14-241
500 _aLa biblioteca tiene: 1975-77; 1975-78
590 _aBATCH-UPD
_b10
_c20130110
_lUCH01
_h1917
590 _aBATCH-UPD
_b10
_c20130410
_lUCH01
_h1243
590 _aBATCH-UPD
_b10
_c20130914
_lUCH01
_h1633
590 _aCONVERSION
_b10
_c20130109
_lUCH01
_h1308
650 1 4 _aIndustria
_xEstadísticas.
_957704
650 1 4 _aIndustria
_xMéxico.
_957751
901 _aBK
942 _cLIBRO
949 _a338 M4
_bBC
_cLIBRO
_d33724000509394
_eLIBRO
_f1975-77
_h73220
_i15805
_si
949 _a338 M4
_bBC
_cLIBRO
_d33724000509527
_eLIBRO
_f1975-78
_h73221
_i15805
_si
999 _c11647
_d11647